000 00695nam a2200193 4500
001 136623
003 ES-MaACL
005 20230906195202.0
007 t|
008 070214s1914 sp r ||||1| spa d
100 1 _aSáez Muñoz, Guillermo.
_9220255
245 1 4 _aLas matemáticas aplicadas al estudio de fenómenos económicos
_b: discurso leído en la inaguración del curso académico de 1914 á 1915 /
_cGuillermo Sèz Muñoz.
260 _aSalamanca :
_bFrancisco Nuñez Izquierdo,
_c1914.
300 _a24 p. ;
_c29 cm.
500 _aPrecede al Tit : Universidad de Salamanca.
710 2 _aUniversidad de Salamanca.
_97275
852 _aES-MaACL
_jT-1418-F-3
999 _c136623
_d136623